La ciencia química guarda el secreto de la vida y es el fundamento de la Psicología y de la Patología (Record no. 74000)

MARC details
000 -LEADER
campo de control de longitud fija 00566nam a2200145 i 4500
001 - NÚMERO DE CONTROL
campo de control 74000
003 - IDENTIFICADOR DE NÚMERO DE CONTROL
campo de control ES-MaACL
005 - FECHA Y HORA DE LA ÚLTIMA TRANSACCIÓN
campo de control 20230906172002.0
007 - CAMPO FIJO DE DESCRIPCIÓN FÍSICA--INFORMACIÓN GENERAL
campo de control de longitud fija t|
008 - DATOS DE LONGITUD FIJA--INFORMACIÓN GENERAL
campo de control de longitud fija 040914s1902 sp ||||1| spa d
100 1# - ENTRADA PRINCIPAL--NOMBRE DE PERSONA
Nombre de persona González Calzada, Manuel.
9 (RLIN) 58484
245 13 - MENCIÓN DEL TÍTULO
Título La ciencia química guarda el secreto de la vida y es el fundamento de la Psicología y de la Patología
Resto del título : discurso inaugural de la Universidad de Salamnca leído el 1 de octubre de 1903 /
Mención de responsabilidad, etc. Manuel González Calzada.
260 ## - PUBLICACIÓN, DISTRIBUCIÓN, ETC.
Lugar de publicación, distribución, etc. Madrid :
Nombre del editor, distribuidor, etc. [s.n.],
Fecha de publicación, distribución, etc. 1902 (
Fabricante Colón)
852 ## - LOCALIZACIÓN
Ubicación ES-MaACL
Número de control de estantería T-1021-F-4
Holdings
Estatus retirado Estado de pérdida Estado de daño No para préstamo Colección Biblioteca de origen Biblioteca actual Ubicación en estantería Fecha de adquisición Fuente de adquisición Total de préstamos Signatura topográfica completa Código de barras Visto por última vez Precio de reemplazo Tipo de ítem Koha
        Colección de folletos Biblioteca del Ateneo de Madrid Biblioteca del Ateneo de Madrid Depósito folletos 17/01/2008     T-1021-F-4 1077457 23/02/2023 23/02/2023 Folleto